000 00665nam a22002057a 4500
005 20251108173637.0
008 250721s2006 xx 000 0 ara d
020 _a995329285x
082 1 4 _aط/674/خشب
245 1 0 _aالخشب /
264 1 _aبيروت :
_bالدار العربية للعلوم،
_c2006.
300 _a32ص.
490 0 _aلنتعرف إلى المواد الأولية
500 _aيضم الكتاب ترجمة الأصل الإنجليزي material matters :wood
650 1 7 _aالخشب
650 1 7 _aمستخلصات الخشب
653 _aناشاون صغار ( 10 - 14 سنه )
942 _2ddc
_cBK
999 _c108860
_d108860